000 01218nam a2200325 a 4500
001 24089
003 BD-RjUL
005 20211209001016.0
008 140312s1995 bg a b 000 0deng
020 _a9848171002
035 _a(BD-RjUL)
040 _aDLC
_cDLC
_beng
041 _aeng
082 _a923.054145
_bSAA 1995
100 1 _aSanaullah, Muhammad,
_d1946-
_973335
245 1 0 _aA.K. Fazlul Huq :
_bportrait of a leader /
_cMuhammad Sanaullah.
246 3 0 _aFazlul Huq
260 _aChittagong, Bangladesh :
_bHomeland Press and Publications,
_c1995.
300 _a296 p. :
_bill. ;
_c23 cm.
500 _aRevision of the author's thesis (Ph. D.--University of Chittagong).
504 _aIncludes bibliographical references (p. [273]-295).
520 _aOn the life and political reforms of Abul Kasem Fazlul Huq, 1873-1962, statesman from Bengal and East Bengal, now Bangladesh.
600 2 0 _aFazlul Huq, Abul Kasem,
_d1873-1962.
_974216
650 0 _aStatesmen
_zBangladesh
_xBiography.
_973337
651 0 _aBangladesh
_xPolitics and government.
_974217
651 0 _aBengal (India)
_xPolitics and government.
_974218
942 _2ddc
_cBK
999 _c24089
_d24089